| Поле | Инд. | ПП | Название | Значение |
|---|---|---|---|---|
| Тип записи | a | |||
| Библиографический уровень | b | |||
| 001 | Контрольный номер | RU/IS/BASE/112979144 | ||
| 005 | Дата корректировки | 20200522190808.5 | ||
| 084 | a | Индекс другой классификации/Индекс ББК | 66.09; 66.4(0),03в | |
| 100 | 1_ | a | Автор | Соловьев Э. Г. |
| 245 | a | Заглавие | Геополитика как профессия и как научная дисциплина: перспективы эволюции в современной России | |
| 504 | a | Библиография | Библиогр. ссылки. - Примеч. | |
| 650 | a | Основная рубрика | внешняя политика | |
| a | Основная рубрика | международные отношения | ||
| a | Основная рубрика | политика | ||
| a | Основная рубрика | политология | ||
| 653 | a | Ключевые слова | геополитика | |
| a | Ключевые слова | геополитическая мысль | ||
| a | Ключевые слова | геополитическая наука | ||
| a | Ключевые слова | геополитические исследования | ||
| a | Ключевые слова | геополитические концепции | ||
| a | Ключевые слова | методология геополитики | ||
| a | Ключевые слова | предмет геополитики | ||
| a | Ключевые слова | Россия | ||
| 773 | t | Заглавие источника | Вестник Московского университета. Серия 18, Социология и политология | |
| d | Дата издания источника | 2003 | ||
| g | Прочая информация | № 2. - С. 3 - 27 | ||
| w | Контрольный № источника | RU/IS/BASE/111079824 | ||
| 901 | t | Тип документа | b |